Statistics for Countries With More Than One Official Language

Click here to take the quiz!

General Stats

  • This quiz has been taken 103 times
  • The average score is 31 of 63

Answer Stats

#Country% Correct
2India
92%
11South Africa
88%
4Switzerland
87%
3Belgium
85%
2Canada
81%
2Finland
77%
2Ireland
73%
38Bolivia
69%
4Peru
69%
2Pakistan
67%
2Kenya
65%
3New Zealand
65%
2Belarus
63%
2Morocco
63%
5Ethiopia
62%
3Luxembourg
62%
4Papua New Guinea
62%
2Algeria
58%
2Norway
58%
4Singapore
58%
2Sudan
58%
3Fiji
54%
2Sri Lanka
54%
2Kazakhstan
52%
2Afghanistan
50%
2Central African Republic
50%
2Chad
50%
2Iraq
50%
2Paraguay
50%
2Philippines
50%
2Ecuador
48%
2Palau
48%
2Tonga
46%
2Uganda
44%
16Zimbabwe
44%
3Burundi
42%
2Kyrgyzstan
42%
2Malta
42%
4Rwanda
42%
2Kosovo
40%
2Nauru
40%
2Netherlands
40%
2Cameroon
38%
2Cyprus
38%
2Madagascar
38%
2Mauritius
38%
2Haiti
37%
3Seychelles
37%
2Tuvalu
37%
2Vanuatu
35%
2Malawi
33%
2North Macedonia
33%
2East Timor
29%
2Eswatini
29%
2Lesotho
29%
3Comoros
27%
2Djibouti
27%
2Iceland
27%
2Venezuela
23%
2Brunei
21%
3Equatorial Guinea
21%
2Czech Republic
13%
2South Korea
8%

Score Distribution

Percentile by Number Answered

Percent of People with Each Score

Your Score History

You have not taken this quiz